000 00647nam a22001817a 4500
003 UA-OsUOA
001 12935
007 ta
008 20050601b un ||||| |||| 00| 0 ukr d
100 _aСорокіна Е.А.
942 _cSA
040 _aUA-OsUOA
_cUA-OsUOA
_dUA-OsUOA
245 _aСлаветний казкар Данії і його " Снігова королева". Система уроків
300 _aС.7-10
955 _a0
773 0 _w0
_tВсесвітня література та культура в навчальних закладах України
_dКиїв
_d2005
_g№5
650 7 _aАндерсен Г. Х.
_2UDC
999 _c299096
_d299096